000 00752nam a2200265Ia 4500
003 OSt
005 20220928112518.0
006 a|||||r|||| 00| 0
007 ta
008 220927b |||||||| |||| 00| 0 eng d
020 _c295
024 _a119385
037 _b399, 27/08/2013, New India Book Agency
_cTextual
040 _aSDCL
_cSDCL
_beng
041 _2eng
_aeng
082 _aD6,8(2), Q3
100 _aRajaraman V
245 0 _aIntroduction to information technology.
250 _a2nd
260 _aNew Delhi
_bPHI Learning Priavte Limited
_c2013
300 _aix;372p
_ccm.
650 _aReference
942 _hD6,8(2), Q3
_cTEXL
_2CC
999 _c745023
_d745023